A comprehensive guide to deliverance and inner healing / (Record no. 5517)

MARC details
000 -LEADER
fixed length control field 01011cam a2200289 a 4500
001 - CONTROL NUMBER
control field 3923755
003 - CONTROL NUMBER IDENTIFIER
control field OSt
005 - DATE AND TIME OF LATEST TRANSACTION
control field 20190104171818.0
008 - FIXED-LENGTH DATA ELEMENTS--GENERAL INFORMATION
fixed length control field 920709s1992 miu b 000 0 eng
010 ## - LIBRARY OF CONGRESS CONTROL NUMBER
LC control number 92027970
020 ## - INTERNATIONAL STANDARD BOOK NUMBER
International Standard Book Number 0800792068 :
Terms of availability $10.00
040 ## - CATALOGING SOURCE
Original cataloging agency DLC
Transcribing agency DLC
Modifying agency DLC
050 00 - LIBRARY OF CONGRESS CALL NUMBER
Classification number BT732.5
Item number .S226 1992
082 00 - DEWEY DECIMAL CLASSIFICATION NUMBER
Classification number 234.13
Edition number 20
Item number S194C
100 1# - MAIN ENTRY--PERSONAL NAME
Personal name Sandford, John
Fuller form of name (John Loren)
245 12 - TITLE STATEMENT
Title A comprehensive guide to deliverance and inner healing /
Statement of responsibility, etc. John Loren Sanford and Mark Sandford.
260 ## - PUBLICATION, DISTRIBUTION, ETC.
Place of publication, distribution, etc. Grand Rapids, Mich. :
Name of publisher, distributor, etc. Chosen Books,
Date of publication, distribution, etc. c1992.
300 ## - PHYSICAL DESCRIPTION
Extent 383 p. ;
Dimensions 23 cm.
504 ## - BIBLIOGRAPHY, ETC. NOTE
Bibliography, etc. note Includes bibliographical references (p. 381-382).
650 #0 - SUBJECT ADDED ENTRY--TOPICAL TERM
Topical term or geographic name entry element Spiritual healing.
650 #0 - SUBJECT ADDED ENTRY--TOPICAL TERM
Topical term or geographic name entry element Exorcism.
700 1# - ADDED ENTRY--PERSONAL NAME
Personal name Sandford, Mark.
740 0# - ADDED ENTRY--UNCONTROLLED RELATED/ANALYTICAL TITLE
Uncontrolled related/analytical title Deliverance and inner healing.
906 ## - LOCAL DATA ELEMENT F, LDF (RLIN)
a 7
b cbc
c orignew
d 1
e ocip
f 19
g y-gencatlg
942 ## - ADDED ENTRY ELEMENTS (KOHA)
Source of classification or shelving scheme Dewey Decimal Classification
Koha item type Books
Holdings
Withdrawn status Lost status Source of classification or shelving scheme Damaged status Not for loan Collection code Home library Current library Shelving location Date acquired Cost, normal purchase price Total Checkouts Full call number Barcode Date last seen Price effective from Koha item type
    Dewey Decimal Classification     Non-fiction Harvest Mission College Harvest Mission College General Stacks 04.01.2019 950.00   234.13 S194C 006304 04.01.2019 04.01.2019 Books
    Dewey Decimal Classification     Non-fiction Harvest Mission College Harvest Mission College General Stacks 04.01.2019 950.00   234.13 S194C 011545 16.02.2021 04.01.2019 Books

OPAC Designed and Maintained by HMC Library Team.
Copyright © HMC Library,Greater Noida, UP.
For any Suggestions/Query Contact library via Email:libhmc@gmail.com